000 00387nam a2200157 i 4500
001 bg
245 0 _aHandbook of Thin Film Wybrid Microelektronics.
260 _aNew York :
_bMcGraw-Hill Book Company,
_c1974.
020 _a0070266808
040 _cBPK
041 _apol
080 _a621.382
920 _a0-07-026680-8
942 _cKS
008 s pl f |000 0 pol
999 _c17630
_d17630
856 _uhttp://koha.tu.koszalin.pl/cgi-bin/koha/opac-detail.pl?biblionumber=17630
_yKatalog online BPK